Hiv. Controllare naturalmente il colesterolo Consigli sull'alimentazione e stili di vita

में बचाया:
ग्रंथसूची विवरण
निगमित लेखक: Nadir
स्वरूप: पुस्तक
भाषा:अंग्रेज़ी
प्रकाशित: Roma Nadir 2005
टैग: टैग जोड़ें
कोई टैग नहीं, इस रिकॉर्ड को टैग करने वाले पहले व्यक्ति बनें!

MARC

LEADER 00000nam a2200000 4500
005 20241016173849.0
008 241016b |||||||| |||| 00| 0 eng d
040 |c GP 
110 |a Nadir 
245 |a Hiv. Controllare naturalmente il colesterolo  |b Consigli sull'alimentazione e stili di vita 
260 |a Roma  |b Nadir  |c 2005 
942 |2 ddc  |c BK  |n 0 
952 |0 0  |1 0  |2 ddc  |4 0  |6 614_050000000000000_NAD  |7 1  |9 2133  |a RM  |b RM  |d 2024-10-16  |l 0  |o 614.05 NAD  |p 224  |r 2024-10-16 17:40:05  |w 2024-10-16  |y BK 
999 |c 1875  |d 1875